U.S States and Capitals by first 2 letters. - Statistics

General Stats
  • This quiz has been taken 360 times
    331 since last reset
  • The average score is 75 of 100
Answers on the Map
Answers color-coded by a green-red scale on the quiz's map according to % correct below.
 
Answer Stats
Answer % Correct
Nebraska
95%
Nevada
95%
New Hampshire
95%
New Jersey
95%
New Mexico
95%
New York
95%
Alabama
94%
Alaska
92%
Albany
92%
California
92%
Carson City
91%
Tennessee
91%
Texas
91%
Montana
90%
Montgomery
90%
Montpelier
90%
Arizona
89%
Arkansas
89%
Colorado
89%
Columbia
89%
Columbus
89%
Concord
89%
Connecticut
89%
Idaho
89%
Michigan
89%
Minnesota
89%
Mississippi
89%
Missouri
89%
Washington
89%
Madison
88%
Maine
88%
Maryland
88%
Massachusetts
88%
Oregon
88%
Florida
86%
North Carolina
86%
North Dakota
86%
St Paul
86%
Sacramento
85%
Salem
85%
Salt Lake City
85%
Santa Fe
85%
South Carolina
85%
South Dakota
85%
Louisiana
82%
Utah
82%
Oklahoma
81%
Oklahoma City
81%
Delaware
79%
Denver
79%
Des Moines
79%
Georgia
78%
Harrisburg
78%
Hartford
78%
Hawaii
78%
Kansas
78%
Wyoming
78%
Ohio
77%
Augusta
76%
Austin
76%
Illinois
75%
Iowa
75%
Indiana
74%
Indianapolis
74%
Pennsylvania
74%
Wisconsin
73%
Kentucky
71%
Virginia
71%
Boise
69%
Boston
69%
West Virginia
68%
Tallahassee
67%
Honolulu
65%
Vermont
64%
Phoenix
62%
Charleston
61%
Cheyenne
61%
Lincoln
61%
Little Rock
61%
Helena
60%
Olympia
60%
Baton Rouge
57%
Juneau
53%
Atlanta
52%
Nashville
51%
Bismarck
50%
Lansing
50%
Jackson
49%
Pierre
49%
Annapolis
48%
Topeka
47%
Jefferson City
45%
Springfield
45%
Raleigh
44%
Rhode Island
44%
Dover
41%
Richmond
39%
Frankfort
38%
Providence
38%
Trenton
37%
No matching quizzes found
Score Distribution
Percent of People with Each Score
Percentile by Number Answered
Your Score History
You have not taken this quiz since the last reset